000 02019nam a2200565 i 4500
001 33293
003 KOSZ 005
005 20240405063059.0
008 980929s1998 pl a |000 0 pol
015 _aUWD 1998/13662
020 _a8386929553
035 _a991005576419705066
035 _a(PL-WaBN)b11456887-48omnis_nlop
035 _ab11456887
035 _a(OCoLC)830136048
035 _azz2005824734
035 _a(PL)b0000001145688
035 _a(EXLNZ-48OMNIS_NETWORK)9910099476605606
040 _aWA N
_cWA N
_dKOSZ 005/HR
041 0 _apol
046 _k1998
080 _a338.47(438)"1989/..."
080 _a338.47(4-67)
080 _a656.1/.7(438)"1989/..."
080 _a656.1/.7(4-67)
100 1 _aGrudzewski, Wiesław Maria
_d(1933-2018)
_eAutor
245 1 0 _aRozwój systemu transportowego Polski w warunkach integracji europejskiej /
_cWiesław M. Grudzewski, Irena Hejduk ; Instytut Organizacji i Zarządzania w Przemyśle "Orgmasz".
260 _aWarszawa :
_bIOiZwP "Orgmasz",
_c1998.
300 _a218, [2] s. :
_bwykr. ;
_c24 cm.
336 _aTekst
_btxt
_2rdacontent
337 _aBez urządzenia pośredniczącego
_bn
_2rdamedia
338 _aWolumin
_bnc
_2rdacarrier
380 _aKsiążki
388 _a1901-2000
388 _a1989-2000
504 _aBibliogr. s. 200-202.
610 2 7 _aUnia Europejska (UE)
_2DBN
648 7 _a1901-2000
_2DBN
648 7 _a1989-2000
_2DBN
650 7 _aPolityka transportowa
_2DBN
650 7 _aPolityka transportowa UE
651 7 _aPolska
_2DBN
658 _aPolityka, politologia, administracja publiczna
658 _aTransport i logistyka
700 1 _aHejduk. Irena K.
_d(1949- 2018)
_eAutor
710 2 _aInstytut Organizacji i Zarządzania w Przemyśle "Orgmasz"
856 _uhttp://koha.tu.koszalin.pl/cgi-bin/koha/opac-detail.pl?biblionumber=33293
_yKatalog online BPK
942 _2UKD
_cKS
999 _c33293
_d33293